| 000 | 00595nam a2200169 a 4500 | ||
|---|---|---|---|
| 001 | 000001787 | ||
| 005 | 20200929145712.0 | ||
| 008 | 090629s2006 ck a 000 0 spa d | ||
| 020 | _a9592112495 | ||
| 040 |
_aDO-SdBNP _bspa _cBNPHU |
||
| 082 | _aC568m | ||
| 245 | 0 | 0 |
_aCicatrices en la memoria : _bcolectivo de autores / _cRoberto Fernández Retamar...[et al] ; editor Eduardo Heras León. |
| 260 |
_aLa Habana : _bEditorial Capitán San Luis, _c2006. |
||
| 300 |
_a206,[10] p. : _bil., retrs. ; _c23 cm. |
||
| 700 | 1 | 2 |
_aFernández Retamar,Robert _95799 |
| 700 | 1 |
_aHeras León, Eduardo _eeditor _95800 |
|
| 999 |
_c1664 _d1664 |
||